000 00328 a2200157 4500
001 180627
020 _a
040 _cMagnum
100 _aBraga, Welber da Silva
240 1 0 _aMenino e onca
_lpor
245 1 0 _aMenino e onca
362 0 _a1899
440 1 _aLĂȘ
697 _aMAGNITO: IJ/SOCIEDADE COTIDIAN
942 _cBK
999 _c180627
_d180627